000 00386nam a2200145 4500
001 109327
003 ES-MaACL
005 20230906184825.0
007 t|
008 061121s1968 sp r ||||1| spa d
245 0 0 _aMisioneros del Verbo Divino.
260 _aEstella (Navarra) :
_bVerbo Divino,
_c[1968]
300 _a64 p., 4 lám. ;
_c28 cm.
852 _aES-MaACL
_jC-35761
_bR.68694
999 _c109327
_d109327